000 00309nam a2200133Ia 4500
100 _aAnderson/Norman A
942 _cBK
654 _aInstrumentation
245 _aInstrumentation for process Measurement
260 _bCRC Press
_aMumbai
_c1989
082 _a629.83
_bAND
300 _a498
546 _aENGLISH
999 _c32455
_d32455